| 000 | 00342nam a22001217a 4500 | ||
|---|---|---|---|
| 020 | _a8120324994 | ||
| 082 |
_222 _a621.38275 |
||
| 100 | _aGupta, S. C. | ||
| 245 | _aTextbook on optical fiber communication and its applications / | ||
| 260 |
_aNew Delhi, _bPrentice Hall, _cc2005. |
||
| 300 |
_axiii, 466 p. ; _bill. ; _c24 cm. |
||
| 942 |
_2ddc _cECE _02 |
||
| 999 |
_c57 _d57 |
||